00391pab a2200133 454500008004000000100003300040245008100073260000900154300001100163362000900174650002900183700002300212773002200235180718b1988 xxu||||| |||| 00| 0 eng d aGerlich, Peter, Edgar Grande aCorporatism in crisisbStability and change of social partnership in Austria c1988 a209-23 aJun. aCorporations - Australia aWolfgang C. Muller aPolitical Studies